LEADER 01340nam 2200421 450 001 9910743395703321 005 20220818103048.0 010 $a981-16-7574-0 010 $a981-16-7573-2 010 $a981-16-7574-0 035 $a(MiAaPQ)EBC6810959 035 $a(Au-PeEL)EBL6810959 035 $a(CKB)19919346100041 035 $a(OCoLC)1287134803 035 $a(PPN)258845554 035 $a(EXLCZ)9919919346100041 100 $a20220818d2022 uy 0 101 0 $aeng 135 $aurcnu|||||||| 181 $ctxt$2rdacontent 182 $cc$2rdamedia 183 $acr$2rdacarrier 200 10$aBlind identification of structured dynamic systems $ea deterministic perspective /$fChengpu Yu [and three others] 210 1$aSingapore :$cSpringer,$d[2022] 210 4$dİ2022 215 $a1 online resource (273 pages) 311 08$aPrint version: Yu, Chengpu Blind Identification of Structured Dynamic Systems Singapore : Springer Singapore Pte. Limited,c2022 9789811675737 606 $aSystem identification 615 0$aSystem identification. 676 $a003 700 $aYu$b Chengpu$01427051 801 0$bMiAaPQ 801 1$bMiAaPQ 801 2$bMiAaPQ 906 $aBOOK 912 $a9910743395703321 996 $aBlind identification of structured dynamic systems$93559791 997 $aUNINA